<?xml version="1.0" encoding="UTF-8"?>
<record
    xmlns:xsi="http://www.w3.org/2001/XMLSchema-instance"
    xsi:schemaLocation="http://www.loc.gov/MARC21/slim http://www.loc.gov/standards/marcxml/schema/MARC21slim.xsd"
    xmlns="http://www.loc.gov/MARC21/slim">

  <leader>00421nam a2200145Ia 4500</leader>
  <controlfield tag="008">230411s9999    xx            000 0 und d</controlfield>
  <datafield tag="020" ind1=" " ind2=" ">
    <subfield code="a">81-8448-246-9</subfield>
  </datafield>
  <datafield tag="041" ind1=" " ind2=" ">
    <subfield code="a">eng</subfield>
  </datafield>
  <datafield tag="082" ind1=" " ind2=" ">
    <subfield code="a">AD/610.6/JON/B04987</subfield>
  </datafield>
  <datafield tag="100" ind1=" " ind2=" ">
    <subfield code="a">Jones Rebecca</subfield>
    <subfield code="9">178386</subfield>
  </datafield>
  <datafield tag="245" ind1=" " ind2=" ">
    <subfield code="a">Nursing Leadership and Management : Theories processes and practice</subfield>
  </datafield>
  <datafield tag="260" ind1=" " ind2=" ">
    <subfield code="b">Jaypee Brothers</subfield>
    <subfield code="a">New Delhi</subfield>
    <subfield code="c">2008</subfield>
  </datafield>
  <datafield tag="300" ind1=" " ind2=" ">
    <subfield code="a">452p</subfield>
  </datafield>
  <datafield tag="999" ind1=" " ind2=" ">
    <subfield code="c">155529</subfield>
    <subfield code="d">155529</subfield>
  </datafield>
  <datafield tag="952" ind1=" " ind2=" ">
    <subfield code="0">0</subfield>
    <subfield code="1">0</subfield>
    <subfield code="4">0</subfield>
    <subfield code="7">0</subfield>
    <subfield code="8">AD</subfield>
    <subfield code="a">BTIN</subfield>
    <subfield code="b">BTIN</subfield>
    <subfield code="d">2008-03-08</subfield>
    <subfield code="e">B.J.Medical Co-oprative College Stores</subfield>
    <subfield code="g">395.00</subfield>
    <subfield code="i">5499</subfield>
    <subfield code="l">0</subfield>
    <subfield code="o">AD 610.6 JON B04987</subfield>
    <subfield code="p">BTIN-BK-4987</subfield>
    <subfield code="r">2023-04-11 00:00:00</subfield>
    <subfield code="v">296.00</subfield>
    <subfield code="w">2010-02-11</subfield>
    <subfield code="y">BK</subfield>
    <subfield code="z">B04987</subfield>
  </datafield>
  <datafield tag="952" ind1=" " ind2=" ">
    <subfield code="0">0</subfield>
    <subfield code="1">0</subfield>
    <subfield code="4">0</subfield>
    <subfield code="7">0</subfield>
    <subfield code="8">AD</subfield>
    <subfield code="a">BTIN</subfield>
    <subfield code="b">BTIN</subfield>
    <subfield code="d">2010-02-11</subfield>
    <subfield code="e">Jaypee Brothers Medical Publishers</subfield>
    <subfield code="g">395.00</subfield>
    <subfield code="i">5499</subfield>
    <subfield code="l">0</subfield>
    <subfield code="o">AD 610.6 JON B06083</subfield>
    <subfield code="p">BTIN-BK-6083</subfield>
    <subfield code="r">2023-04-11 00:00:00</subfield>
    <subfield code="v">286.00</subfield>
    <subfield code="w">2010-02-11</subfield>
    <subfield code="y">BK</subfield>
    <subfield code="z">B06083</subfield>
  </datafield>
  <datafield tag="952" ind1=" " ind2=" ">
    <subfield code="0">0</subfield>
    <subfield code="1">0</subfield>
    <subfield code="4">0</subfield>
    <subfield code="7">0</subfield>
    <subfield code="8">AD</subfield>
    <subfield code="a">BTIN</subfield>
    <subfield code="b">BTIN</subfield>
    <subfield code="d">2010-02-11</subfield>
    <subfield code="e">Jaypee Brothers Medical Publishers</subfield>
    <subfield code="g">395.00</subfield>
    <subfield code="i">5499</subfield>
    <subfield code="l">0</subfield>
    <subfield code="o">AD 610.6 JON B06084</subfield>
    <subfield code="p">BTIN-BK-6084</subfield>
    <subfield code="r">2023-04-11 00:00:00</subfield>
    <subfield code="v">286.00</subfield>
    <subfield code="w">2010-02-11</subfield>
    <subfield code="y">BK</subfield>
    <subfield code="z">B06084</subfield>
  </datafield>
  <datafield tag="952" ind1=" " ind2=" ">
    <subfield code="0">0</subfield>
    <subfield code="1">0</subfield>
    <subfield code="4">0</subfield>
    <subfield code="7">3</subfield>
    <subfield code="8">AD</subfield>
    <subfield code="a">BTIN</subfield>
    <subfield code="b">BTIN</subfield>
    <subfield code="d">2010-02-11</subfield>
    <subfield code="e">Jaypee Brothers Medical Publishers</subfield>
    <subfield code="g">395.00</subfield>
    <subfield code="i">5499</subfield>
    <subfield code="o">AD 610.6 JON B06085</subfield>
    <subfield code="p">BTIN-BK-6085</subfield>
    <subfield code="r">2023-04-11 00:00:00</subfield>
    <subfield code="v">286.00</subfield>
    <subfield code="w">2010-02-11</subfield>
    <subfield code="y">BK</subfield>
    <subfield code="z">B06085</subfield>
  </datafield>
</record>
